Szczegóły MARC21

Matematyka i jej zastosowanie w naukach ekonomicznych /

003 -Nazwa inst., której nr kontr. jest w polu 001 [,]
    • @
    • Nazwa instytucji, której n kontrolny jest w polu 001
    • NUKAT
005 -DATA I CZAS OSTATNIEJ MODYFIKACJI [,]
    • @
    • pole kontrolne
    • 20241231093013.0
020 -Międzynarod. znormalizowany nr książki - ISBN [ , ]
    • a
    • Numer ISBN
    • 8385530657 Find
040 -Instytucja sporządzająca opis [ , ]
    • a
    • Instytucja, która sporządziła opis (NP)
    • Ł U/BWM
    • c
    • Instytucja, która sporządziła rekord (NP)
    • Ł U/BWM
    • d
    • Instytucja, która zmodyfikowała rekord (P)
    • Ł U/MK
    • d
    • Instytucja, która zmodyfikowała rekord (P)
    • Ł U/ASs
942 -Rodzaj dokumentu [ , ]
    • c
    • Rodzaj dokumentu
    • Książka
100 -Hasło główne - nazwa osobowa [1, ]
    • a
    • Nazwa osobowa (NP)
    • Piszczała, Janusz
    • d
    • Daty biograficzne (NP)
    • (1943- ).
    • 9
    • KHW
    • 518652
245 -Strefa tytułu i oznaczenia odpowiedzialności [1,0]
    • a
    • Tytuł
    • Matematyka i jej zastosowanie w naukach ekonomicznych / Find
    • c
    • Pozostałe elementy strefy tytułu i oznaczenia odpowiedzialności (NP)
    • Janusz Piszczała ; Akademia Ekonomiczna w Poznaniu.
250 -Strefa wydania [ , ]
    • a
    • Oznaczenie wydania (NP)
    • Wyd. 5.
260 -Strefa adresu wydawniczego [ , ]
    • a
    • Miejsce wydania (P)
    • Poznań :
    • b
    • Nazwa wydawcy (P)
    • Wydawnictwo Akademii Ekonomicznej,
    • c
    • Data wydania (P)
    • 1995.
300 -Strefa opisu fizycznego [ , ]
    • a
    • Określenie formy książki i/lub objętość (NP)
    • 252 s. :
    • b
    • Oznaczenie ilustracji (NP)
    • il. ;
    • c
    • Format (NP)
    • 24 cm.
336 -Typ zawartości [ , ]
    • a
    • Termin opisujący typ zawartości
    • Tekst
    • b
    • Kod określający zawartość
    • txt
    • 2
    • Źródło (terminu i kodu)
    • rdacontent
337 -Typ mediów [ , ]
    • a
    • Tryb odtwarzania
    • Bez urządzenia pośredniczącego
    • b
    • Kod typu mediów
    • n
    • 2
    • Źródło (terminu i kodu)
    • rdamedia
338 -Typ/rodzaj nośnika [ , ]
    • a
    • Hasło opisujące typ nośnika
    • Wolumin
    • b
    • Kod typu nośnika
    • nc
    • 2
    • Źródło (terminu i kodu)
    • rdacarrier
504 -Uwaga dot. bibliogr. załącznikowej [ , ]
    • a
    • Uwaga dot. bibliografii załącznikowej
    • Bibliogr. s. 245. Indeks.
080 -Uniwersalna Klasyfikacja Dziesiętna [ , ]
    • a
    • Symbol klasyfikacji
    • 51(075.8)
080 -Uniwersalna Klasyfikacja Dziesiętna [ , ]
    • a
    • Symbol klasyfikacji
    • :330.115(075.8)
650 -Hasło przedmiotowe [ ,7]
    • a
    • Hasło przedmiotowe
    • Matematyka
    • v
    • Określnik formalny
    • podręczniki akademickie.
    • 2
    • Źródło terminu
    • kaba
    • 9
    • KHW
    • 350652
650 -Hasło przedmiotowe [ ,7]
    • a
    • Hasło przedmiotowe
    • Ekonomia matematyczna
    • v
    • Określnik formalny
    • podręczniki akademickie.
    • 2
    • Źródło terminu
    • kaba
    • 9
    • KHW
    • 350651
980 -Symbol UKD [ , ]
    • a
    • UKD
    • 51:330.115](075.8)
710 -Hasło dodatkowe - nazwa ciała zbiorowego [2, ]
    • a
    • Nazwa ciała zbiorowego lub nazwa geograficzna jako pierwszy element (NP)
    • Akademia Ekonomiczna (Poznań).
    • b
    • Nazwa jednostki podrzędnej (P)
    • Wydawnictwo.
    • 4
    • Kod relacji
    • pbl
    • 9
    • KHW
    • 57262
920 -ISBN [ , ]
    • a
    • ISBN
    • 83-85530-65-7 Find
Status udost. Numer inwentarzowy Lokalizacja Data inwentaryzacji Sygnatura
-2E.63826BE1996-09-30 
2S.79126BE1996-09-30 
2S.79127BE1996-09-30 
2S.79128BE1996-09-30 
2S.79129BE1996-09-30 
2S.79130BE1996-09-30 
2S.79131BE1996-09-30 
2S.79132BE1996-09-30 
2S.79133BE1996-09-30 
2S.79134BE1996-09-30 
2S.79135BE1996-09-30 
2S.79136BE1996-09-30 
2S.79137BE1996-09-30 
2S.79138BE1996-09-30 
2S.79139BE1996-09-30 
2S.79140BE1996-09-30 
2S.79141BE1996-09-30 
2S.79142BE1996-09-30 
2S.79143BE1996-09-30 
-3S.79144BE1996-09-30 
2S.79145BE1996-09-30 
-3S.85738BE2000-04-19 
1N.16208BG1996-09-30 
1N.16209BG1996-09-30 
-3W.189540BG1997-03-26W.189540
-3W.189541BG1997-03-26W.189540
-11TS.79146T1996-09-30TS.79146
-11TS.79147T1996-09-30TS.79147
-11TS.79148T1996-09-30TS.79148
-11TS.79149T1996-09-30TS.79149
-11TS.79150T1996-09-30TS.79150
-11TS.79151T1996-09-30TS.79151
-6TS.79152T1996-09-30 
-3TS.79153T1996-09-30TS.79153
-11TS.79154T1996-09-30TS.79154
-11TS.79155T1996-09-30TS.79155